000 00670nam a2200181Ia 4500
008 100921s9999 xx 000 0 und d
082 _b29528
_a808.068 थ 93
100 _aसोवनी मधुकर विष्णु.
245 _aदैवच दारी आले.
260 _bपूर्वा प्रकाशन, पुणे.
_c1993
300 _a24
_bशब्दवेध,पुणे.
365 _b8
520 _aललित-बालवाङ्रमय.
630 _aदैवच दारी आले.
650 _aललित-बालवाङ्रमय.
730 _aदैवच दारी आले.
942 _cBOOK
999 _c778641
_d778638